00377nam a2200109 4500008004100000100002300041245009600064260000900160300001400169700002200183773006200205190723b ||||| |||| 00| 0 eng d aAllie, Irfan Yasin aAssessing the macroeconomic impacts of natural disasters in Uttarakhand: a perceptual study c2019 ap.97-102. aVyas, Anoop Kumar aPrestige International Journal of Management and Research